000 01481cam a22003498a 4500
005 20100527151243.0
008 100106s2010 nyu 000 0 eng
010 _aENG-96223
020 _a9780070702264
_c525.00
020 _a0070702268
_c525.00
035 _aEN-79756
037 _bDBAB/PUB
040 _aDPL
_bEng
082 _a005.7565
100 _aMcLaughlin, Michael
245 _aOracle database 11g PL/SQL programming workbook /
_cby Michael McLaughlin [and] John M. Harper
260 _aNew Delhi
_bTata McGraw-Hill
_c2010
270 _a7, West Patel Nagar
_bNew Delhi
_e110008
300 _axxix, 478p. :
_bill,
_c24 cm (pbk)
500 _aincludes index
630 _aOracle (Computer file)
650 _aDatabase management.
650 _aPL/SQL (Computer program language)
650 _aRelational databases.
700 _aHarper, John M.
856 _3Contributor biographical information
_uhttp://www.loc.gov/catdir/enhancements/fy1005/2009052631-b.html
856 _3Publisher description
_uhttp://www.loc.gov/catdir/enhancements/fy1005/2009052631-d.html
856 _3Table of contents only
_uhttp://www.loc.gov/catdir/enhancements/fy1005/2009052631-t.html
942 _2ddc
_cEN
_mMCL
_h005.7565
999 _c36434
_d36434